Score 0/26 Timer 10:00
3 Plays Today
% Correct
Played
97.4%
Dunked
93%
Climbed
92.7%
Pulled
92.1%
Powdered
91.9%
Tossed
91.4%
Popped
90.6%
Wrapped
90.1%
Sweet
89.9%
Dressed
89.2%
Inflated
88.9%
Brass
88.3%
Scaled
87.9%
% Correct
Central
87.9%
Broken
87.9%
Contagious
86.3%
Shelled
85.7%
One-Way
85.5%
Recurring
84.6%
Cured
84.1%
Split
83.8%
Worn
83.8%
Crossed
83.6%
Hollow
83.6%
Cracked
82.7%
Caught
75.9%
Remove Ads.
Support Sporcle.
Get the best of Sporcle when you Go Orange. This ad-free experience offers more features, more stats, and more fun while also helping to support Sporcle. Thank you for becoming a member.

You're not logged in!

Compare scores with friends on all Sporcle quizzes.
OR
Log In

Show Comments

Extras

Top Quizzes Today


Score Distribution

Your Account Isn't Verified!

In order to create a playlist on Sporcle, you need to verify the email address you used during registration. Go to your Sporcle Settings to finish the process.

Report this User

Report this user for behavior that violates our Community Guidelines.

Details: